000 00870nam0a22002651 4500
001 v19\rc\1857786
005 20260406210144.0
035 _a(NLR Aleph) 004951765
090 _a5890170
_c5890170
100 _a20080221d1909 u y0rusy50 ca
101 0 _arus
102 _aRU
105 _ay z |||||
200 1 _aУстав Одесского епархиального Свято-Андреевского братства
_e[Утв. 15-16 окт. 1909 г.]
210 _aОдесса
_d1909
215 _a20 с.
710 0 2 _aОдесское епархиальное Свято-Андреевское братство
_9430238
_3RU\NLR\AUTH\889966939
801 0 _aRU
_bNLR
_gpsbo
801 0 _aRU
_bRuMoRGB
_2psbo
801 1 _aRU
_bProSoft-M
_2rusmarc
852 _aNLR
_j34.87.4.328
899 _aБАН
899 _aRuMoRGB
_jV 119/401
942 _cBOOK
980 _aNB